Statystyki dla Zwycięzcy Pucharu Zdobywców Pucharu

Kliknij tutaj aby rozwiązać quiz!

Ogólne statystyki

  • Ten quiz został rozwiązany 87 razy
    (81 od ostatniego zresetowania)
  • Średni wynik to 19 z 39

Statystyki odpowiedzi

SezonPaństwoKlub% Poprawnych
1969/70AngliaManchester United
81%
1990/91AngliaManchester United
81%
1983/84WłochyJuventus
80%
1967/68WłochyAC Milan
76%
1972/73WłochyAC Milan
76%
1978/79HiszpaniaFC Barcelona
73%
1988/89HiszpaniaFC Barcelona
73%
1981/82HiszpaniaFC Barcelona
73%
1996/97HiszpaniaFC Barcelona
73%
1966/67RFNBayern Monachium
71%
1970/71AngliaChelsea
66%
1997/98AngliaChelsea
66%
1965/66RFNBorussia Dortmund
64%
1993/94AngliaArsenal
63%
1974/75Ukraina (ZSRR)Dynamo Kijów
60%
1985/86Ukraina (ZSRR)Dynamo Kijów
60%
1961/62HiszpaniaAtletico Madryt
59%
1975/76BelgiaAnderlecht
57%
1977/78BelgiaAnderlecht
57%
1986/87HolandiaAjax Amsterdam
53%
1963/64PortugaliaSporting Lizbona
53%
1998/99WłochyLazio Rzym
46%
1979/80HiszpaniaValencia
41%
1982/83SzkocjaAberdeen
39%
1971/72SzkocjaGlasgow Rangers
39%
1989/90WłochySampdoria
37%
1968/69SłowacjaSlovan Bratysława
37%
1984/85AngliaEverton
34%
1980/81Gruzja (ZSRR)Dinamo Tbilisi
33%
1976/77RFNHamburger SV
31%
1992/93WłochyAC Parma
30%
1991/92NiemcyWerder Brema
27%
1995/96FrancjaParis Saint Germain
26%
1962/63AngliaTottenham Hotspur
26%
1994/95HiszpaniaReal Saragossa
23%
1960/61WłochyAC Fiorentina
19%
1987/88BelgiaKV Mechelen
17%
1964/65AngliaWest Ham United
14%
1973/74NRD1.FC Magdeburg
11%

Rozkład punktacji

Percentyl według liczby udzielonych odpowiedzi

Procent ludzi z każdym wynikiem

Twoja historia wyników

Nie rozwiązałeś tego quizu od ostatniego zresetowania